| 000 | 01469nam a2200325Ia 4500 | ||
|---|---|---|---|
| 005 | 20210727153308.0 | ||
| 008 | 160601s2002 mx a g 000 0 spa | ||
| 020 | _a9706861297 | ||
| 082 | 0 | 4 |
_a512.13 _bS86at |
| 100 | 1 |
_aSwokowski, Earl William _d1926- |
|
| 245 | 1 | 0 |
_aAlgebra y trigonometría con geometría analítica _cEarl W. Swokowski, Jeffery A. Cole ; traducción Hugo Villagómez ; vicepresidente editorial y de producción Miguel âAngel Toledo Castellanos, editora de desarrollo Marcela Rocha Martínez.. |
| 250 | _a10a. edición | ||
| 300 |
_a890, 104 páginas _bilustraciones _c25 cm |
||
| 500 | _aCada capítulo incluye ejercicios de repaso y de análisis | ||
| 500 | _aIncluye respuestas a ejercicios seleccionados | ||
| 504 | _aIncluye índice de aplicaciones | ||
| 505 | _aÁlgebra -- Ecuaciones y desigualdades -- Funciones y gráficas -- Trigonometría analítica -- Sucesiones, series y probabilidad.Temas de geometría analítica | ||
| 650 | 1 | 4 |
_2LEMB _aÁlgebra _xEnseñanzas |
| 650 | 1 | 4 |
_2LEMB _aTrigonométrica _xEnseñanzas |
| 650 | 1 | 4 |
_2LEMB _aFunciones matemáticas |
| 650 | 1 | 4 |
_2LEMB _aGeometría analítica |
| 650 | 1 | 4 |
_2LEMB _aEcuaciones |
| 700 | 1 |
_aVillagómez Velázquez, Hugo _etraductor |
|
| 942 |
_2ddc _cBK |
||
| 264 |
_aMéxico _bThomson _c2002 |
||
| 336 |
_atexto _btxt _2rdacontent |
||
| 337 |
_asin mediación _bn _2rdamedia |
||
| 338 |
_avolumen _bnc _2rdacarrier |
||
| 040 |
_aCO-BoRNBP _bspa _erda _cCO-BoRNBP |
||
| 999 |
_c5575 _d5575 |
||